Strafgerechtigkeit und Bewältigung krimineller Viktimisierung: eine Untersuchung zu den Folgen des Strafverfahrens bei Opfern von Gewalttaten
| Autor principal: | |
|---|---|
| Tipo de documento: | Print Libro |
| Lenguaje: | Alemán |
| Publicado: |
Mainz
Weisser Ring
2001
|
| En: |
Mainzer Schriften zur Situation von Kriminalitätsopfern (28)
Año: 2001 |
| Edición: | 1. Aufl. |
| Acceso en línea: |
Índice |
| Disponibilidad en Tübingen: | Disponible en Tübingen. IFK: S 123 28 |
| Verificar disponibilidad: | HBZ Gateway |
| Servicio de pedido Subito: | Pedir ahora. |
| Palabras clave: |
MARC
| LEADER | 00000cam a2200000 c 4500 | ||
|---|---|---|---|
| 001 | 331510669 | ||
| 003 | DE-627 | ||
| 005 | 20260206195937.0 | ||
| 007 | tu | ||
| 008 | 010712s2001 gw ||||| m 00| ||ger c | ||
| 015 | |a 01,N30,0345 |2 dnb | ||
| 015 | |a 01,B46,0184 |2 dnb | ||
| 016 | 7 | |a 961578092 |2 DE-101 | |
| 020 | |a 3980646378 |c Efal. : DM 17.00, ca. sfr 13.60, S 119.60 |9 3-9806463-7-8 | ||
| 035 | |a (DE-627)331510669 | ||
| 035 | |a (DE-603)099305453 | ||
| 035 | |a (DE-576)093532490 | ||
| 035 | |a (DE-599)GBV331510669 | ||
| 035 | |a (OCoLC)48740941 | ||
| 035 | |a (OCoLC)48740941 | ||
| 040 | |a DE-627 |b ger |c DE-627 |e rakwb | ||
| 041 | |a ger | ||
| 044 | |c XA-DE | ||
| 084 | |a 19 |2 sdnb | ||
| 084 | |a 19 |a 14 |a 11 |2 sdnb | ||
| 084 | |a PH 8000 |2 rvk |0 (DE-625)rvk/136482: | ||
| 084 | |a PH 8600 |2 rvk |0 (DE-625)rvk/136512: | ||
| 084 | |a PQ 1250 |2 rvk |0 (DE-625)rvk/139216: | ||
| 084 | |a 86.41 |2 bkl | ||
| 100 | 1 | |a Orth, Ulrich |4 aut | |
| 245 | 1 | 0 | |a Strafgerechtigkeit und Bewältigung krimineller Viktimisierung |b eine Untersuchung zu den Folgen des Strafverfahrens bei Opfern von Gewalttaten |c Ulrich Orth |
| 250 | |a 1. Aufl. | ||
| 263 | |a Diss.-Daten: Uni Trier 2000 ; Efal. : DM 17.00, ca. sfr 13.60, S 119.60 | ||
| 264 | 1 | |a Mainz |b Weisser Ring |c 2001 | |
| 300 | |a 158 S |b graph. Darst |c 25 cm | ||
| 336 | |a Text |b txt |2 rdacontent | ||
| 337 | |a ohne Hilfsmittel zu benutzen |b n |2 rdamedia | ||
| 338 | |a Band |b nc |2 rdacarrier | ||
| 490 | 1 | |a Mainzer Schriften zur Situation von Kriminalitätsopfern |v 28 | |
| 500 | |a Literaturverz. S. 137 - 144 | ||
| 502 | |a Zugl.: Trier, Univ., Diss., 2000 | ||
| 583 | 1 | |a Archivierung/Langzeitarchivierung gewährleistet |f PERP |2 pdager |5 DE-36 | |
| 583 | 1 | |a Archivierung/Langzeitarchivierung gewährleistet |f PERP |2 pdager |5 DE-77 | |
| 650 | 0 | 7 | |0 (DE-588)4116634-6 |0 (DE-627)105805297 |0 (DE-576)209503203 |a Strafverfahren |2 gnd |
| 650 | 0 | 7 | |0 (DE-588)4078782-5 |0 (DE-627)106076329 |0 (DE-576)20921001X |a Verbrechensopfer |2 gnd |
| 651 | 7 | |0 (DE-588)4011882-4 |0 (DE-627)104704861 |0 (DE-576)208896155 |a Deutschland |2 gnd | |
| 655 | 7 | |a Hochschulschrift |0 (DE-588)4113937-9 |0 (DE-627)105825778 |0 (DE-576)209480580 |2 gnd-content | |
| 689 | 0 | 0 | |d g |0 (DE-588)4011882-4 |0 (DE-627)104704861 |0 (DE-576)208896155 |a Deutschland |2 gnd |
| 689 | 0 | 1 | |d s |0 (DE-588)4116634-6 |0 (DE-627)105805297 |0 (DE-576)209503203 |a Strafverfahren |2 gnd |
| 689 | 0 | 2 | |d s |0 (DE-588)4078782-5 |0 (DE-627)106076329 |0 (DE-576)20921001X |a Verbrechensopfer |2 gnd |
| 689 | 0 | |5 (DE-627) | |
| 751 | |a Trier |0 (DE-588)4060877-3 |0 (DE-627)106138014 |0 (DE-576)209137053 |4 uvp | ||
| 830 | 0 | |a Mainzer Schriften zur Situation von Kriminalitätsopfern |v 28 |9 2800 |w (DE-627)171293746 |w (DE-576)020247427 |w (DE-600)1174521-6 |x 0937-3713 |7 am | |
| 856 | 4 | 2 | |u http://www.gbv.de/dms/spk/sbb/toc/331510669.pdf |m V:DE-601 |m B:DE-1 |q pdf/application |x Verlag |y Inhaltsverzeichnis |3 Inhaltsverzeichnis |7 1 |
| 935 | |i Blocktest | ||
| 935 | |h HEB |i 0501 | ||
| 935 | |h HEB |i 0503 | ||
| 936 | r | v | |a PH 8000 |b Schriftenreihen, Serien, Kongressberichte, Sammelwerke |k Rechtswissenschaft |k Strafrecht, Strafverfahrensrecht, Kriminologie |k Kriminologie |k Allgemeines |k Schriftenreihen, Serien, Kongressberichte, Sammelwerke |0 (DE-627)127212715X |0 (DE-625)rvk/136482: |0 (DE-576)20212715X |
| 936 | r | v | |a PH 8600 |b Allgemeines; Täter-Opfer-Ausgleich; Wiedergutmachung; Opferentschädigung |k Rechtswissenschaft |k Strafrecht, Strafverfahrensrecht, Kriminologie |k Kriminologie |k Viktimologie |k Allgemeines; Täter-Opfer-Ausgleich; Wiedergutmachung; Opferentschädigung |0 (DE-627)1271675021 |0 (DE-625)rvk/136512: |0 (DE-576)201675021 |
| 936 | r | v | |a PQ 1250 |b Schriftenreihen, Serien |k Rechtswissenschaft |k Sozialrecht |k Allgemeines |k Schriftenreihen, Serien |0 (DE-627)1393127177 |0 (DE-625)rvk/139216: |0 (DE-576)323127177 |
| 936 | b | k | |a 86.41 |j Kriminologie |0 (DE-627)181572001 |
| 936 | s | n | |a p100 |2 mzub |
| 936 | s | n | |a m200 |2 mzub |
| 936 | s | n | |a c200 |2 mzub |
| 951 | |a BO | ||
| ELC | |b 1 | ||
| LOK | |0 000 xxxxxcx a22 zn 4500 | ||
| LOK | |0 001 3218268923 | ||
| LOK | |0 003 DE-627 | ||
| LOK | |0 004 331510669 | ||
| LOK | |0 005 20050120000000 | ||
| LOK | |0 008 020621||||||||||||||||ger||||||| | ||
| LOK | |0 040 |a DE-21-110 |c DE-627 |d DE-21-110 | ||
| LOK | |0 852 |a DE-21-110 | ||
| LOK | |0 852 1 |c S 123 28 |m p |9 00 | ||
| LOK | |0 935 |a k110 | ||
| LOK | |0 938 |k p | ||
| LOK | |0 939 |a 21-06-02 |b l01 | ||
| ORI | |a SA-MARC-krimdoka001.raw | ||
| SIG | |a IFK: S 123 28 | ||
| TIM | |a 100019901003_100020261231 |b 1990-10-03 - 2026 | ||
